[Event "Berlin Defense"]
[Site "SchemingMind.com"]
[Date "2009.06.16"]
[Round "-"]
[White "Ivancic"]
[Black "cnbcad"]
[Result "1-0"]
[WhiteCountry "AUS"]
[BlackCountry "USA"]
[WhiteElo "1960"]
[WhiteRD "74"]
[BlackElo "1538"]
[BlackRD "58"]
[GameID "208636"]

1. e4 e5 2. Nf3 Nc6 3. Bb5 Nf6 4. O-O Bc5 5. c3 O-O 6. d4 exd4 7. cxd4 Bb6 8. d5 Ne7 9. Nc3 c6 10. d6 Ng6
11. Bc4 Re8 12. Qb3 Qe7 13. dxe7
1-0

[Event "Berlin Defense"]
[Site "SchemingMind.com"]
[Date "2009.06.16"]
[Round "-"]
[White "cnbcad"]
[Black "Ivancic"]
[Result "0-1"]
[WhiteCountry "USA"]
[BlackCountry "AUS"]
[WhiteElo "1545"]
[WhiteRD "63"]
[BlackElo "1988"]
[BlackRD "76"]
[GameID "208638"]

1. e4 e5 2. Nf3 Nc6 3. Bb5 Nf6 4. O-O Nxe4 5. Bxc6 bxc6 6. Nxe5 Nf6 7. Re1 Be7 8. c3 O-O 9. d4 Bb7 10. b4 a5
11. bxa5 Rxa5 12. Nd2 d6 13. Nec4 Ra8 14. Nf3 d5 15. Nce5 c5 16. Bg5 cxd4 17. Qxd4 h6 18. Bxf6 Bxf6 19. Qb4 Rb8 20. Qc5 Be7
21. Qb5 Ba8 22. Qd7 Re8 23. Nd4 Qxd7 24. Nxd7 Rbd8 25. Ne5 Bf6 26. Nec6 Bxc6 27. Nxc6 Rxe1+ 28. Rxe1 Ra8 29. Nb4 Bxc3 30. Rb1 Bxb4
31. Rxb4 Rxa2 32. g3 c5 33. Rb5 Rc2 34. Kf1 d4 35. Ke1 d3 36. Kd1 c4 37. Rd5 Rxf2 38. Rd4 Rc2 39. h4 h5 40. g4 hxg4
41. Rxg4 f5 42. Rf4 g6 43. h5 Kg7
0-1

[Event "Berlin Defense"]
[Site "SchemingMind.com"]
[Date "2009.06.16"]
[Round "-"]
[White "schakert"]
[Black "cnbcad"]
[Result "1-0"]
[WhiteCountry "NED"]
[BlackCountry "USA"]
[WhiteElo "1751"]
[WhiteRD "67"]
[BlackElo "1538"]
[BlackRD "58"]
[GameID "208704"]

1. e4 e5 2. Nf3 Nc6 3. Bb5 Nf6 4. c3 Bc5 5. d4 exd4 6. cxd4 Bb4+ 7. Bd2 O-O 8. e5 Ne4 9. O-O Bxd2 10. Nbxd2 Nxd2
11. Qxd2 a6 12. Bc4 b5 13. Bd5 Bb7 14. Rac1 Rb8 15. b4 Ne7 16. Bxb7 Rxb7 17. d5 d6 18. e6 fxe6 19. Nd4 Qe8 20. Nxe6 Rf5
21. Nxc7 Qf8 22. Rfe1 Ng6 23. Re8
1-0

[Event "Berlin Defense"]
[Site "SchemingMind.com"]
[Date "2009.06.14"]
[Round "-"]
[White "schakert"]
[Black "Ivancic"]
[Result "0-1"]
[WhiteCountry "NED"]
[BlackCountry "AUS"]
[WhiteElo "1729"]
[WhiteRD "63"]
[BlackElo "1957"]
[BlackRD "71"]
[GameID "208705"]

1. e4 e5 2. Nf3 Nc6 3. Bb5 Nf6 4. Qe2 d6 5. d4 exd4 6. Nxd4 Bd7 7. Nxc6 bxc6 8. e5 dxe5 9. Qxe5+ Be7 10. Be2 O-O
11. Be3 Re8 12. O-O Bd6 13. Qg5 h6 14. Qh4 Re4 15. g4 Bxg4 16. Bd3 Re5 17. Bd4 Rg5 18. Bxf6 Qxf6
0-1

[Event "Berlin Defense"]
[Site "SchemingMind.com"]
[Date "2009.06.16"]
[Round "-"]
[White "cnbcad"]
[Black "schakert"]
[Result "1/2-1/2"]
[WhiteCountry "USA"]
[BlackCountry "NED"]
[WhiteElo "1554"]
[WhiteRD "64"]
[BlackElo "1644"]
[BlackRD "76"]
[GameID "208707"]

1. e4 e5 2. Nf3 Nc6 3. Bb5 Nf6 4. O-O Nxe4 5. Re1 f5 6. Bxc6 dxc6 7. d4 Be7 8. Nxe5 O-O 9. c3 Be6 10. Nd2 Ng5
11. Ndf3 Bd5 12. Nxg5 Bxg5 13. f4 Be7 14. Qe2 Bf6 15. Qh5 Be4 16. Re3 Bxe5 17. fxe5 g5 18. Bd2 Rf7 19. Rf1 Rg7 20. Rg3 f4
21. Bxf4 gxf4 22. Rxg7+ Kxg7 23. Rxf4 Bg6 24. Qg4 Kh8 25. Rf6 Qg8 26. Qg5 Qxa2 27. Qh4 Qb1+ 28. Rf1 Qe4 29. Qf6+ Kg8 30. h4 Re8
31. Qg5 Rf8 32. Rxf8+ Kxf8 33. Qd8+ Be8 34. Qf6+ Kg8 35. Qe6+ Bf7 36. Qc8+ Kg7 37. Qxc7 Qe1+ 38. Kh2 Qxh4+ 39. Kg1 Qe1+=
1/2-1/2

[Event "Berlin Defense"]
[Site "SchemingMind.com"]
[Date "2009.06.14"]
[Round "-"]
[White "Ivancic"]
[Black "schakert"]
[Result "1-0"]
[WhiteCountry "AUS"]
[BlackCountry "NED"]
[WhiteElo "1943"]
[WhiteRD "75"]
[BlackElo "1644"]
[BlackRD "76"]
[GameID "208708"]

1. e4 e5 2. Nf3 Nc6 3. Bb5 Nf6 4. O-O Nxe4 5. d4 exd4 6. Re1 d5 7. Nxd4 Bc5 8. f3 Qf6 9. c3 Bg4 10. fxg4 Qf2+
11. Kh1 O-O-O 12. Bxc6 bxc6 13. Nd2 Ng3+ 14. hxg3 h5 15. gxh5 Qxg3 16. Kg1 Qh4 17. Nf3 Qxh5 18. Be3 Bd6 19. Kf2 Qg4 20. Rg1 Bg3+
21. Kf1 f5 22. Nxc6 Qc4+ 23. Qe2 Qxc6 24. Bf2 Rde8 25. Qd3 Bxf2 26. Kxf2 Qb6+ 27. Kf1 g6 28. Qd2 Qb5+ 29. Kf2 Qb6+ 30. Nd4 c5
31. Ne2 g5 32. Rab1 f4 33. b4 f3 34. gxf3 g4 35. f4 cxb4+ 36. Nd4 Rh2+ 37. Rg2 Qh6 38. Rg1 Re4 39. Ne2 Qb6+ 40. Kf1 bxc3
41. Qxc3+ Rc4 42. Qa1 Rh3 43. Rg3 Rh2 44. Qe1 d4 45. Rxg4 d3 46. Nc3 Qc6 47. Rg8+ Kb7 48. R8g7+ Ka6 49. Qe3 Ka5 50. a3 Rxc3
51. Qxa7+ Kb5 52. Rb7+
1-0

[Event "Berlin Defense"]
[Site "SchemingMind.com"]
[Date "2009.06.16"]
[Round "-"]
[White "mooch"]
[Black "cnbcad"]
[Result "1-0"]
[WhiteCountry "ENG"]
[BlackCountry "USA"]
[WhiteElo "1759"]
[WhiteRD "87"]
[BlackElo "1545"]
[BlackRD "63"]
[GameID "208823"]

1. e4 e5 2. Nf3 Nc6 3. Bb5 Nf6 4. d3 Bc5 5. h3 d5 6. O-O Be6 7. Bxc6+ bxc6 8. Nxe5 O-O 9. Bg5 h6 10. Bh4 g5
11. Bg3 Qe8 12. d4 Bb6 13. exd5 cxd5 14. c3 c5 15. dxc5 Bxc5 16. Nd3 Bb6 17. Nd2 Rd8 18. Re1 Qb5 19. Nb3 Ne4 20. Kh2 f5
21. f3 f4 22. Bxf4 Nf2 23. Nxf2 Bxf2 24. Rxe6 gxf4 25. Rxh6 Bg3+ 26. Kg1 Rfe8 27. Qc2 Qb7 28. Qg6+ Qg7 29. Nd4 Qxg6 30. Rxg6+ Kh7
31. Re6 Rxe6 32. Nxe6 Rb8 33. Rb1 a5 34. b4 axb4 35. Rxb4 Re8 36. Rb6 Rc8 37. Ng5+ Kh8 38. Rb3 d4 39. Ne4 dxc3 40. Nxc3 Rd8
41. Rb1 Rd2 42. a4 Rc2 43. Ne4 Ra2= 44. Kf1 Rxa4 45. Nxg3 fxg3 46. Rb2 Ra1+ 47. Ke2 Rg1 48. Ke3 Kg7 49. Kf4 Kf6 50. Kxg3 Ra1
51. Kh4 Ra4+ 52. g4 Ke5 53. Kg5 Ra5 54. f4+ Ke4+ 55. f5 Ra8 56. Re2+ Kf3 57. Re6 Rg8+ 58. Rg6 Rh8 59. h4 Kg3 60. h5 Kf3
61. f6 Ra8 62. f7
1-0

[Event "Berlin Defense"]
[Site "SchemingMind.com"]
[Date "2009.06.16"]
[Round "-"]
[White "mooch"]
[Black "Ivancic"]
[Result "0-1"]
[WhiteCountry "ENG"]
[BlackCountry "AUS"]
[WhiteElo "1764"]
[WhiteRD "94"]
[BlackElo "1954"]
[BlackRD "75"]
[GameID "208824"]

1. e4 e5 2. Nf3 Nc6 3. Bb5 Nf6 4. d3 d6 5. O-O Bd7 6. Be3 Ng4 7. Qe2 a6 8. Ba4 b5 9. Bb3 Nxe3 10. Qxe3 Na5
11. d4 Nxb3 12. axb3 Qf6 13. c3 c5 14. d5 Be7 15. Nbd2 O-O 16. c4 b4 17. h3 a5 18. Nh2 Qf4 19. Qe2 f5 20. f3 Bh4
21. g4 fxg4 22. fxg4 Qg3+ 23. Qg2 Qe3+ 24. Kh1 Rf2 25. Rxf2 Qxf2 26. Nhf3 Bg3 27. Nf1 Qxg2+ 28. Kxg2 Bf4 29. g5 h6 30. h4 hxg5
31. hxg5= Kf7 32. N1d2 Kg6 33. Rh1 Bxg5 34. Nxg5 Kxg5 35. Nf3+ Kf6 36. Rh5 a4 37. Nd2 axb3 38. Nxb3 Ra2 39. Nxc5 Rxb2+
0-1

[Event "Berlin Defense"]
[Site "SchemingMind.com"]
[Date "2009.06.16"]
[Round "-"]
[White "mooch"]
[Black "schakert"]
[Result "0-1"]
[WhiteCountry "ENG"]
[BlackCountry "NED"]
[WhiteElo "1764"]
[WhiteRD "94"]
[BlackElo "1686"]
[BlackRD "68"]
[GameID "208825"]

1. e4 e5 2. Nf3 Nc6 3. Bb5 Bc5 4. Bxc6 dxc6 5. d3 Bg4 6. Bg5 Bxf3 7. Bxd8 Bxd1 8. Kxd1 Rxd8 9. Ke2 f5 10. Nd2 Nf6
11. exf5 O-O 12. h3 Rfe8 13. c3 Nd5 14. Kf3 Nf4 15. d4 Bd6 16. Nb3 e4+ 17. Ke3 Nxg2+ 18. Ke2 Nf4+ 19. Ke3 Nd5+ 20. Ke2 Nf4+
21. Ke3 Nd3 22. Rab1 c5 23. c4 Bf4+ 24. Ke2 cxd4 25. Na5 Nc5 26. Rbe1 d3+ 27. Kd1 d2 28. Re2 Nd3 29. Kc2 Nxb2 30. Kxb2 d1=Q
31. Rxd1 Rxd1 32. Nxb7 Rb8 33. Rxe4 Rxb7+ 34. Kc2 Rc1+ 35. Kd3 Bg5 36. f4 Bf6 37. Re2 c5 38. Re8+ Kf7 39. Re2 Rd7+ 40. Ke3 Re7+
41. Kd2 Rxe2+ 42. Kxe2 Rc2+ 43. Kd1 Rxa2 44. Kc1 Rb2 45. h4 a5 46. h5 a4 47. Kd1 a3
0-1

[Event "Berlin Defense"]
[Site "SchemingMind.com"]
[Date "2009.06.18"]
[Round "-"]
[White "cnbcad"]
[Black "mooch"]
[Result "0-1"]
[WhiteCountry "USA"]
[BlackCountry "ENG"]
[WhiteElo "1545"]
[WhiteRD "63"]
[BlackElo "1759"]
[BlackRD "87"]
[GameID "208827"]

1. e4 e5 2. Nf3 Nc6 3. Bb5 a6 4. Bxc6 dxc6 5. O-O Bd6 6. d4 Bg4 7. h3 Bxf3 8. Qxf3 exd4 9. Re1 Be5 10. Bf4 Qf6
11. Bxe5 Qxe5 12. c3 c5 13. Nd2 b5 14. c4 c6 15. Qg4 Ne7 16. Nf3 Qf6 17. Ne5 Qxe5 18. f4 Qf6 19. e5 Qg6 20. Qf3 Qc2
21. b3 h6 22. Rf1 O-O-O 23. f5 f6 24. Rf2 Qc3 25. Qxc3 dxc3 26. Rc1 b4 27. e6 Rd2 28. Rf3 Rxa2 29. g4 Rd8 30. h4 Rdd2
31. Kf1 Rg2 32. Rf4 Rg3 33. g5 hxg5 34. hxg5 Rxg5 35. Re1 Rag2 36. Rh4 Rg1+ 37. Ke2 Rxe1+ 38. Kxe1 Rxf5 39. Rh8+ Kc7 40. Re8 Re5+
0-1

[Event "Berlin Defense"]
[Site "SchemingMind.com"]
[Date "2009.06.17"]
[Round "-"]
[White "Ivancic"]
[Black "mooch"]
[Result "1-0"]
[WhiteCountry "AUS"]
[BlackCountry "ENG"]
[WhiteElo "1960"]
[WhiteRD "74"]
[BlackElo "1824"]
[BlackRD "99"]
[GameID "208828"]

1. e4 e5 2. Nf3 Nc6 3. Bb5 a6 4. Ba4 b5 5. Bb3 Nf6 6. Ng5 d5 7. exd5 Nxd5 8. Qf3 Be6 9. Nxe6 fxe6 10. Nc3 Nce7
11. O-O c6 12. Ne4 Ng6 13. d3 Nc7 14. Bd2 a5 15. a4 Be7 16. axb5 Nxb5 17. Bxe6 Rf8 18. Qh3 h6 19. Qh5 Bf6 20. Qxg6+ Ke7
21. Bc4 Nd4 22. c3 Ne2+ 23. Kh1 Nf4 24. Bxf4 exf4 25. Rfe1 Kd7 26. Nc5+ Kc8 27. Qg4+ Kb8 28. Nd7+
1-0

[Event "Berlin Defense"]
[Site "SchemingMind.com"]
[Date "2009.06.17"]
[Round "-"]
[White "schakert"]
[Black "mooch"]
[Result "1-0"]
[WhiteCountry "NED"]
[BlackCountry "ENG"]
[WhiteElo "1686"]
[WhiteRD "68"]
[BlackElo "1764"]
[BlackRD "94"]
[GameID "208829"]

1. e4 e5 2. Nf3 Nc6 3. Bb5 a6 4. Bxc6 dxc6 5. d4 exd4 6. Qxd4 Be6 7. O-O Nf6 8. Nc3 h6 9. Bf4 Qxd4 10. Nxd4 O-O-O
11. Nxe6 fxe6 12. Rad1 Bb4 13. Be5 Rhg8 14. f3 Nd7 15. Bd4 c5 16. Bf2 Bxc3 17. bxc3 b6 18. Bg3 g5 19. c4 e5 20. a4 Rg6
21. Rd5 Re6 22. Rfd1 h5 23. a5 h4 24. Be1 Ree8 25. Bc3 c6 26. Rd6 Kc7 27. axb6+ Nxb6 28. Rxd8 Rxd8 29. Bxe5+ Kc8 30. Rxd8+ Kxd8
31. Bf6+ Kd7 32. Bxg5 Nxc4 33. Bxh4 Ne3 34. Bf2 Nxc2 35. Bxc5 a5 36. Kf2 a4 37. h4 a3 38. Bxa3 Nxa3 39. h5 Nc4 40. f4 Ke7
41. g4 Nd6 42. Ke3 Nf7 43. g5 Kf8 44. Kd4 Ke7 45. h6 Kf8 46. e5 Nh8 47. f5 Kg8 48. e6 Kf8 49. g6 Kg8 50. e7 Nxg6
51. fxg6 c5+ 52. Kxc5 Kh8 53. e8=Q#
1-0

[Event "Berlin Defense"]
[Site "SchemingMind.com"]
[Date "2009.06.18"]
[Round "-"]
[White "lacus66"]
[Black "cnbcad"]
[Result "1-0"]
[WhiteCountry "HUN"]
[BlackCountry "USA"]
[WhiteElo "1721"]
[WhiteRD "67"]
[BlackElo "1538"]
[BlackRD "58"]
[GameID "209023"]

1. e4 e5 2. Nf3 Nc6 3. Bb5 Nf6 4. O-O a6 5. Bxc6 dxc6 6. Nxe5 Bc5 7. c3 O-O 8. d4 Ba7 9. Nd2 c5 10. d5 b5
11. Nc6 Qd6 12. e5 Qxd5 13. Ne7+
1-0

[Event "Berlin Defense"]
[Site "SchemingMind.com"]
[Date "2009.06.18"]
[Round "-"]
[White "lacus66"]
[Black "mooch"]
[Result "0-1"]
[WhiteCountry "HUN"]
[BlackCountry "ENG"]
[WhiteElo "1721"]
[WhiteRD "67"]
[BlackElo "1824"]
[BlackRD "99"]
[GameID "209024"]

1. e4 e5 2. Nf3 Nc6 3. Bb5 a6 4. Bxc6 dxc6 5. Nxe5 Qd4 6. Nf3 Qxe4+ 7. Qe2 Nf6 8. Nc3 Qxe2+ 9. Nxe2 Bd6 10. d3 c5
11. O-O b6 12. c4 Bb7 13. Re1 O-O-O 14. Ng5 Rhf8 15. Nc3 h6 16. Nge4 Be5 17. Nxf6 Bxf6 18. Rd1 Bxc3 19. bxc3 Rfe8 20. Be3 f5
21. h4 Rd7 22. d4 Re4 23. dxc5 Rxd1+ 24. Rxd1 Rxh4 25. f4 Rg4 26. Rd2 bxc5 27. Kh2 g5 28. fxg5 hxg5 29. Bxc5 Rxc4 30. Be7 Be4
31. Bxg5 Rxc3 32. Bf6 Rd3 33. Rf2 Rd6 34. Be5 Rg6 35. g3 Rh6+
0-1

[Event "Berlin Defense"]
[Site "SchemingMind.com"]
[Date "2009.06.18"]
[Round "-"]
[White "lacus66"]
[Black "Ivancic"]
[Result "1-0"]
[WhiteCountry "HUN"]
[BlackCountry "AUS"]
[WhiteElo "1721"]
[WhiteRD "67"]
[BlackElo "1960"]
[BlackRD "74"]
[GameID "209025"]

1. e4 e5 2. Nf3 Nc6 3. Bb5 Nf6 4. O-O Nxe4 5. Bxc6 bxc6 6. Nxe5 Nf6 7. Re1 Be7 8. d4 O-O 9. Qf3 Rb8 10. Nc3 Bb7
11. Bf4 d5 12. a3 c5 13. Nb5 Ba8 14. Nxa7 Rb6 15. dxc5 Bxc5 16. b4 Bd4 17. Rad1 Bxe5 18. Bxe5 Qb8 19. Bd4 Qxa7 20. Re7 Qa4
21. Bxb6 cxb6 22. Qb3 Qxb3 23. cxb3 Rc8 24. f3 Kf8 25. Ra7 Bc6 26. Rc1 Ke8 27. Kf2 Nd7 28. b5 Bb7 29. Re1+
1-0

[Event "Berlin Defense"]
[Site "SchemingMind.com"]
[Date "2009.06.17"]
[Round "-"]
[White "lacus66"]
[Black "schakert"]
[Result "0-1"]
[WhiteCountry "HUN"]
[BlackCountry "NED"]
[WhiteElo "1738"]
[WhiteRD "65"]
[BlackElo "1729"]
[BlackRD "63"]
[GameID "209026"]

1. e4 e5 2. Nf3 Nc6 3. Bb5 Nf6 4. O-O Be7 5. Nc3 d6 6. d4 Bd7 7. Bxc6 Bxc6 8. d5 Bd7 9. Qd3 c6 10. dxc6 bxc6
11. Bg5 Qc7 12. Rad1 Rg8 13. Be3 h6 14. h3 g5 15. Nh2 Nh5 16. Ng4 Nf4 17. Bxf4 gxf4 18. Nxh6 Rg6 19. Nf5 Qb6 20. Na4 Qa5
21. b3 Bxf5 22. exf5 Rh6 23. g4 O-O-O 24. Kg2 Bg5 25. f3 d5 26. c4 Bh4 27. Rd2 Bg3 28. Nc3 Rdh8 29. Rh1 Qd8 30. cxd5 Rxh3
31. Rxh3 Rxh3 32. Kg1 Qb6+
0-1

[Event "Berlin Defense"]
[Site "SchemingMind.com"]
[Date "2009.06.18"]
[Round "-"]
[White "cnbcad"]
[Black "lacus66"]
[Result "0-1"]
[WhiteCountry "USA"]
[BlackCountry "HUN"]
[WhiteElo "1553"]
[WhiteRD "60"]
[BlackElo "1802"]
[BlackRD "63"]
[GameID "209028"]

1. e4 e5 2. Nf3 Nc6 3. Bb5 a6 4. Bxc6 dxc6 5. O-O Bg4 6. h3 Bxf3 7. Qxf3 Nf6 8. Nc3 Bb4 9. a3 Bc5 10. b4 Bd4
11. Bb2 O-O 12. Rab1 a5 13. Ne2 Bxb2 14. Rxb2 axb4 15. axb4 Qxd2 16. Qd3 Qxd3 17. cxd3 Rfd8 18. f4 Rxd3 19. fxe5 Nxe4 20. Nf4 Rd4
21. e6 f6 22. Re1 Re8 23. b5 c5 24. b6 cxb6 25. Rxb6 Nd6 26. g3 Kf8 27. Nh5 c4 28. Rb2 Ne4 29. Rxb7 Rxe6 30. Rxg7 c3
31. Rxh7 c2 32. Rh8+ Ke7 33. Rh7+ Kd6 34. Rh8 Nxg3 35. Rxe6+ Kxe6 36. Re8+ Kd7 37. Nxf6+ Kc7 38. Re7+ Kc6 39. Ne8 c1=Q+
0-1

[Event "Berlin Defense"]
[Site "SchemingMind.com"]
[Date "2009.06.17"]
[Round "-"]
[White "mooch"]
[Black "lacus66"]
[Result "1/2-1/2"]
[WhiteCountry "ENG"]
[BlackCountry "HUN"]
[WhiteElo "1824"]
[WhiteRD "99"]
[BlackElo "1721"]
[BlackRD "67"]
[GameID "209029"]

1. e4 e5 2. Nf3 Nc6 3. Bb5 a6 4. Ba4 b5 5. Bb3 Bc5 6. c3 h6 7. d4 exd4 8. cxd4 Bb6 9. Nc3 Nf6 10. h3 d6
11. O-O O-O 12. Be3 Re8 13. d5 Bxe3 14. fxe3 b4 15. dxc6 Nxe4 16. Nxe4 Rxe4 17. Qd5 Re7 18. Ne5 Be6 19. Nxf7 Bxd5 20. Nxd8 Bxb3
21. axb3 Rxd8 22. Rxa6 Rxe3=
1/2-1/2

[Event "Berlin Defense"]
[Site "SchemingMind.com"]
[Date "2009.06.18"]
[Round "-"]
[White "Ivancic"]
[Black "lacus66"]
[Result "1-0"]
[WhiteCountry "AUS"]
[BlackCountry "HUN"]
[WhiteElo "1960"]
[WhiteRD "74"]
[BlackElo "1721"]
[BlackRD "67"]
[GameID "209030"]

1. e4 e5 2. Nf3 Nc6 3. Bb5 a6 4. Ba4 b5 5. Bb3 Bc5 6. c3 h6 7. O-O Nf6 8. d4 exd4 9. cxd4 Be7 10. e5 Ne4
11. d5 Na5 12. d6 Nxb3 13. dxe7 Qxe7 14. Qxb3 Bb7 15. Nc3 Nc5 16. Qd1 b4 17. Nd5 Bxd5 18. Qxd5 c6 19. Qc4 Ne6 20. Nd4 Nxd4
21. Qxd4 Rc8 22. b3 c5 23. Qc4 O-O 24. Bb2 Qe6 25. Qxe6 fxe6 26. Rac1 Rfd8 27. Rfd1 Rc6 28. Rd6 Kf7 29. Rcd1 Ke7 30. Rxc6 dxc6
31. Rxd8 Kxd8 32. f4 g6 33. g4 Ke7 34. Kf2 a5 35. Ke3 c4 36. bxc4 c5 37. h4 a4 38. h5 gxh5 39. gxh5 Ke8 40. Ke4 Ke7
41. f5 exf5+ 42. Kxf5
1-0

[Event "Berlin Defense"]
[Site "SchemingMind.com"]
[Date "2009.06.17"]
[Round "-"]
[White "schakert"]
[Black "lacus66"]
[Result "1-0"]
[WhiteCountry "NED"]
[BlackCountry "HUN"]
[WhiteElo "1729"]
[WhiteRD "63"]
[BlackElo "1738"]
[BlackRD "65"]
[GameID "209031"]

1. e4 e5 2. Nf3 Nc6 3. Bb5 a6 4. Ba4 b5 5. Bb3 Na5 6. Bxf7+ Kxf7 7. Nxe5+ Kf6 8. d4 Ke7 9. Nc3 Bb7 10. Qf3 Nf6
11. Bg5 Ke8 12. d5 d6 13. Ng4 Be7 14. Ne3 Rf8 15. Nf5 Kf7 16. Nd4 Nc4 17. Ne6 Qd7 18. Nxf8 Rxf8 19. O-O-O Kg8 20. Qe2 Re8
21. f3 Nxe4 22. Bxe7 Rxe7 23. Nxe4 c6 24. Rhe1 Kf8 25. dxc6 Bxc6 26. Qf2 Bxe4 27. Rxe4 Rxe4 28. fxe4+ Ke7 29. Qd4
1-0

[Event "Berlin Defense"]
[Site "SchemingMind.com"]
[Date "2009.06.22"]
[Round "-"]
[White "jtrochez1"]
[Black "cnbcad"]
[Result "1-0"]
[WhiteCountry "HON"]
[BlackCountry "USA"]
[WhiteElo "1601"]
[WhiteRD "55"]
[BlackElo "1553"]
[BlackRD "60"]
[GameID "209424"]

1. e4 e5 2. Nf3 Nc6 3. Bb5 Nf6 4. d3 d6 5. h3 Be7 6. Nc3 Bd7 7. Bxc6 Bxc6 8. Be3 O-O 9. Qe2 d5 10. Bd2 d4
11. Nd1 Bd7 12. Nxe5 Re8 13. O-O Bd6 14. Nxd7 Qxd7 15. f4 Nh5 16. Qxh5 Rf8 17. f5 Qc6 18. c4 dxc3 19. Nxc3 Bc5+ 20. Kh1 Qe8
21. f6 Bd4 22. Bg5 Qe5 23. Rf5 Qg3 24. Rf3 Qe5 25. fxg7 Qxg7 26. Rg3 c6 27. Bf4
1-0

[Event "Berlin Defense"]
[Site "SchemingMind.com"]
[Date "2009.06.22"]
[Round "-"]
[White "jtrochez1"]
[Black "mooch"]
[Result "0-1"]
[WhiteCountry "HON"]
[BlackCountry "ENG"]
[WhiteElo "1594"]
[WhiteRD "53"]
[BlackElo "1759"]
[BlackRD "87"]
[GameID "209425"]

1. e4 e5 2. Nf3 Nc6 3. Bb5 Nd4 4. Nxd4 exd4 5. Be2 c5 6. d3 d6 7. Nd2 Be6 8. O-O g6 9. Bg4 Bh6 10. Bxe6 fxe6
11. Re1 Qf6 12. c4 Ne7 13. e5 dxe5 14. Ne4 Qf8 15. Nxc5 Bxc1 16. Rxc1 Qf7 17. Nxb7 O-O 18. Qd2 Nc6 19. Nd6 Qf4 20. Qxf4 Rxf4
21. Ne4 Nb4 22. g3 Rf3 23. Kg2 Raf8 24. Rc2 Nxc2 25. Re2 Nb4 26. Ng5 Nxd3 27. Nxf3 Rf5 28. Ne1 Nc1 29. Rc2 Nxa2 30. c5 Nb4
31. Rd2 a5 32. Nd3 Nc6 33. b3 Kg7 34. f3 Rf7 35. Rf2 Rb7 36. Nc1 Nb4 37. Rd2 Rc7 38. f4 Rxc5 39. fxe5 Rxc1 40. Rxd4 Re1
41. Rd7+ Kh6 42. Ra7 Rxe5 43. Kf3 g5 44. g4 Kg6 45. Rd7 h5 46. gxh5+ Kxh5 47. h3 Kg6 48. Rd8 Rf5+ 49. Kg3 Nd5 50. Re8 e5
51. Ra8 e4 52. Rxa5 Rf3+ 53. Kg2 Nf4+ 54. Kg1 Nxh3+ 55. Kg2 Rxb3 56. Re5 Re3
0-1

[Event "Berlin Defense"]
[Site "SchemingMind.com"]
[Date "2009.06.22"]
[Round "-"]
[White "jtrochez1"]
[Black "lacus66"]
[Result "0-1"]
[WhiteCountry "HON"]
[BlackCountry "HUN"]
[WhiteElo "1601"]
[WhiteRD "55"]
[BlackElo "1802"]
[BlackRD "63"]
[GameID "209426"]

1. e4 e5 2. Nf3 Nc6 3. Bb5 Nf6 4. d3 a6 5. Bxc6 dxc6 6. Bg5 Be7 7. Bxf6 Bxf6 8. Nbd2 O-O 9. h3 b5 10. b4 Qd6
11. a3 a5 12. O-O axb4 13. axb4 Be6 14. Rxa8 Rxa8 15. c3 Qxd3 16. Qc1 Ra2 17. Rd1 g6 18. Ne1 Qe2 19. Nef3 h6 20. Re1 Qd3
21. Re3 Qd6 22. Kh2 c5 23. bxc5 Qxc5 24. Qe1 Ra3 25. Qc1 b4 26. Nb1 Ra2 27. Nbd2 Be7 28. Kg1 b3 29. Nb1 Kg7 30. Qe1 b2
31. Nfd2 Bg5 32. Rf3 Ra1 33. Kh2 Bxd2 34. Qxd2 Rxb1 35. Qe3 Qxe3
0-1

[Event "Berlin Defense"]
[Site "SchemingMind.com"]
[Date "2009.06.22"]
[Round "-"]
[White "jtrochez1"]
[Black "Ivancic"]
[Result "0-1"]
[WhiteCountry "HON"]
[BlackCountry "AUS"]
[WhiteElo "1594"]
[WhiteRD "53"]
[BlackElo "1988"]
[BlackRD "76"]
[GameID "209427"]

1. e4 e5 2. Nf3 Nc6 3. Bb5 Nf6 4. d3 Bc5 5. Bg5 d6 6. h3 Bd7 7. Bxc6 Bxc6 8. Nbd2 h6 9. Bxf6 Qxf6 10. Qe2 O-O-O
11. O-O-O Rhe8 12. Rhf1 d5 13. Ne1 Ba4 14. Kb1 Qc6 15. f3 Bd4 16. Nb3 Bxb3 17. cxb3 Qa6 18. Nc2 dxe4 19. fxe4 Qe6 20. Nxd4 Rxd4
21. Rd2 Kb8 22. Rc1 Red8 23. Rc3 b6 24. Rdc2 c5 25. Rd2 Qd6 26. Rc4 Rxd3 27. Rxd3 Qxd3+ 28. Qxd3 Rxd3 29. Rc2 Re3 30. Rf2 f6
31. Kc2 Rxe4 32. Kd3 Rd4+ 33. Kc2 Kc7 34. g4 Kd6 35. Rd2 Rxd2+ 36. Kxd2 Kd5 37. a3 Kd4 38. Ke2 e4 39. b4 cxb4 40. axb4 b5
41. h4 g6
0-1

[Event "Berlin Defense"]
[Site "SchemingMind.com"]
[Date "2009.06.22"]
[Round "-"]
[White "jtrochez1"]
[Black "schakert"]
[Result "1-0"]
[WhiteCountry "HON"]
[BlackCountry "NED"]
[WhiteElo "1601"]
[WhiteRD "55"]
[BlackElo "1686"]
[BlackRD "68"]
[GameID "209428"]

1. e4 e5 2. Nf3 Nc6 3. Bb5 Nf6 4. d3 d6 5. Bxc6+ bxc6 6. h3 Be7 7. Nc3 h6 8. b3 g5 9. Bb2 Rg8 10. Ne2 g4
11. Nfg1 Nh5 12. c4 Nf4 13. Nxf4 exf4 14. Qe2 Bh4 15. O-O-O Bg5 16. Kc2 h5 17. f3 g3 18. d4 h4 19. Qd3 Qd7 20. Ne2 Ba6
21. Nc3 O-O-O 22. Na4 Kb8 23. e5 f6 24. Qc3 fxe5 25. dxe5 Qf5+ 26. Kc1 Be7 27. Rhe1 d5 28. c5 d4 29. Rxd4 Rxd4 30. Qxd4 Rd8
31. Qe4 Bd3 32. Qxc6 Bf1 33. Rxf1 Qd3 34. Bc3 Qxf1+ 35. Kb2 Qxg2+ 36. Ka3 Qe2 37. Qe6 Qd1 38. Qxe7 g2 39. c6 Qc1+ 40. Nb2 Kc8
41. Qb4 Rd5 42. e6 Ra5+ 43. Qxa5 g1=Q 44. Qa6+
1-0

[Event "Berlin Defense"]
[Site "SchemingMind.com"]
[Date "2009.06.25"]
[Round "-"]
[White "cnbcad"]
[Black "jtrochez1"]
[Result "1/2-1/2"]
[WhiteCountry "USA"]
[BlackCountry "HON"]
[WhiteElo "1411"]
[WhiteRD "55"]
[BlackElo "1610"]
[BlackRD "50"]
[GameID "209430"]

1. e4 e5 2. Nf3 Nc6 3. Bb5 d6 4. O-O Bd7 5. Nc3 Nge7 6. d4 exd4 7. Bxc6 Bxc6 8. Nd5 Nxd5 9. exd5 Bxd5 10. Re1+ Be7
11. Nxd4 c6 12. Bg5 f6 13. Bh4 O-O 14. Nf5 Rf7 15. Re3 Bf8 16. Qg4 g6 17. Rg3 Bg7 18. Ne3 Qc8 19. Qd1 Qe6 20. Nxd5 cxd5
21. Re3 Qf5 22. Qe2 Qf4 23. Bg3 Qh6 24. Bxd6 Rd8 25. Re1 Rxd6 26. Qb5 a6 27. Re8+ Bf8 28. Qc5 Rc6 29. Qxd5 Kg7 30. g3 Rxc2
31. R8e4 Rc5 32. Qd4 Rh5 33. h4 Re5 34. Rxe5 fxe5 35. Rxe5 Kg8 36. Qd5 Qc1+ 37. Kg2 Qc6 38. Qxc6 bxc6 39. Re6 Rc7 40. Re8 Kf7
41. Ra8 Bg7 42. Rxa6 Bxb2 43. Rb6 Bd4 44. Rb1 Ra7 45. Rc1 Rxa2 46. Rxc6 Rxf2+ 47. Kh3 h5 48. Rc4 Bf6 49. g4 hxg4+ 50. Kxg4 Rh2
51. Kg3 Rxh4 52. Rxh4= Bxh4+ 53. Kxh4 Kf6 54. Kg4 g5 55. Kg3 Kf5 56. Kf3 g4+ 57. Kg3 Kg5 58. Kg2 Kf4 59. Kf2 g3+ 60. Kg2 Kg4
61. Kg1 Kh3=
1/2-1/2

[Event "Berlin Defense"]
[Site "SchemingMind.com"]
[Date "2009.06.22"]
[Round "-"]
[White "mooch"]
[Black "jtrochez1"]
[Result "1-0"]
[WhiteCountry "ENG"]
[BlackCountry "HON"]
[WhiteElo "1764"]
[WhiteRD "94"]
[BlackElo "1601"]
[BlackRD "55"]
[GameID "209431"]

1. e4 e5 2. Nf3 Nc6 3. Bb5 d6 4. d4 exd4 5. Bxc6+ bxc6 6. Nxd4 Bd7 7. Qf3 c5 8. Ne2 Qf6 9. Nbc3 Qxf3 10. gxf3 Be7
11. Ng3 c6 12. Ke2 Nf6 13. Bf4 Rb8 14. Rab1 O-O 15. h4 h6 16. b3 Kh7 17. Rbd1 Ne8 18. e5 Rd8 19. exd6 Bf6 20. Nce4 a5
21. Nxc5 Rb8 22. Nxd7 Nxd6 23. Nxf6+ gxf6 24. Bxd6 Rfe8+ 25. Kf1 Rb7 26. Rg1 Rg8 27. Nh5 Rg6 28. Rxg6 Kxg6 29. Nf4+ Kg7 30. Ke2
1-0